[Event "Olympiad-39"]
[Site "Khanty-Mansiysk"]
[Date "2010.09.23"]
[Round "3.2"]
[White "Grischuk, Alexander"]
[Black "Vocaturo, Daniele"]
[Result "1-0"]
[WhiteElo "2760"]
[BlackElo "2581"]
[Annotator "Marin,M"]
[PlyCount "89"]
[EventDate "2010.09.21"]
[EventType "team-swiss"]
[EventRounds "11"]
[EventCountry "RUS"]
[SourceTitle "CBM 139"]
[Source "ChessBase"]
[SourceDate "2010.11.18"]
[SourceVersion "1"]
[SourceVersionDate "2010.11.18"]
[SourceQuality "1"]
[WhiteTeam "Russia"]
[BlackTeam "Italy"]
[WhiteTeamCountry "RUS"]
[BlackTeamCountry "ITA"]

1. d4 Nf6 2. Nf3 e6 3. c4 c5 4. d5 d6 5. Nc3 g6 6. g3 exd5 7. cxd5 Bg7 8. Bg2
O-O 9. O-O Re8 10. Nd2 a6 11. a4 Nbd7 12. h3 Rb8 13. Nc4 Ne5 ({This is much
more aggressive than} 13... Nb6 {, which moves the weight centre of the battle
on the queenside.}) 14. Na3 Nh5 15. e4 Bd7 ({I happened to be playing my own
game just a few boards away from that on which the following crushing win for
Black took place:} 15... Rf8 {(This move came into the limelight after the
controversial game Kortschnoj-Kasparov, back in 1982)} 16. Be3 {A rare and
apparently inadequate move.} ({The main line goes} 16. Kh2 f5 17. f4 b5 {
Van Wely,L (2697)-Timman,J (2605)/Wijk aan Zee 2002/CBM 087/[Ernst] (0-1, 30)})
16... f5 17. exf5 Bxf5 18. g4 Bxg4 19. hxg4 Qh4 20. f3 $146 {This is the only
move allowing White staying alive for a while.} (20. gxh5 Ng4 21. Re1 Nxe3 22.
fxe3 Be5 $19) (20. Re1 Nxg4 21. Ne4 Rbe8 22. Re2 Rxe4 23. Bxe4 Qh2+ {0-1 Husek,
Z (2200)-Petrik,K (2295)/Nova Bana 1983/MCD. In both these lines, the
missplacement of the e3-bishop is obvious.}) 20... Nxg4 $1 21. fxg4 Be5 22. Rf3
$8 Qh2+ 23. Kf1 Ng3+ 24. Kf2 Rxf3+ 25. Qxf3 Rf8 26. Nc4 Nh1+ 27. Kf1 Rxf3+ 28.
Bxf3 Ng3+ 29. Ke1 Bd4 $17 {Jianu,V (2528)-Nisipeanu,L (2683)/Baile Herculane,
Romanian team-ch 2010/ (0-1, 52). Strictly speaking, White has sufficient
material equivalent for the queen, but his forces lack coordination.}) 16. a5
b5 ({I always have been reluctant to the greedy} 16... Qxa5 17. g4 (17. f4 Nxg3
18. fxe5 Nxf1 19. Qxf1 Bxe5 20. Be3 Qd8 21. Nc4 f6 22. Qf2 Rf8 23. Qd2 Rf7 24.
Bf4 Qe7 25. Rf1 b5 26. Na5 b4 27. Nd1 Bb5 $17 {Gretarsson,H (2398)-Golizadeh,A
(2481)/Khanty-Mansiysk RUS 2010/CBM 139 (0-1, 49)}) 17... Nf6 18. g5 Nh5 19. f4
Nc4 20. Nxc4 Qxa1 21. Nxd6 $44 {with huge space advantage for White,
compensating the missing exchange; see for instance Avrukh,B (2641)-Kamsky,G 
(2714)/Khanty-Mansiysk 2007/CBM 122/[Avrukh,B] (0-1, 53)}) 17. axb6 Bb5 $5 {
Black sacrifices a pawn, obtaining compensation in the spirit of the Benko
Gambit. After exchanging his light-squared bishop, he also avoids problems of
coordination regarding the excessive number of pieces competing for the
d7-square.} (17... Rxb6 {does not spare White the necessity of sacrificng
material in the close future.} {Finally, here is another game I had the
occasion to watch from close distance:} 18. f4 (18. g4 Qh4 19. gxh5 (19. Re1 $2
Bxg4 $1 20. hxg4 Nxg4 21. Qf3 {Payen,A (2400)-Sanglan,P (2175)/Avoine 2004/EXT
2005 (1-0, 36)} Bd4 $40) 19... Bxh3 20. hxg6 hxg6 21. Qe2 Rxb2 $3 22. Bxb2 Bxg2
23. Kxg2 Qg5+ $11) (18. Kh2 f5 19. f4 {Civin,T (2410)-Nokes,R (2330)/
Queenstown 2006/CBM 110 ext (1-0, 44)} Rb4 $5 20. Nc2 (20. fxe5 Bxe5 21. Ne2
fxe4 22. Nc2 Rb3 23. Ne3 Rd3 24. Qe1 Bb5 $44) 20... Nc4 21. Nxb4 cxb4 22. Na4
fxe4 23. Re1 Qa5 $44 {[%csl Gd5]} 24. Rxe4 Rxe4 25. Bxe4 Na3 $1 {[%csl Ga4]})
18... Nxg3 19. Rf2 Rb4 20. fxe5 (20. Nc2 Nc4 $36) 20... Bxe5 21. Nc2 f5 {
Black's desire to open the kingside is natural, but maybe he should delay this
thematic move. In the game, he eventually reached sufficient compensation, but
White had some possibilities to deviate on the way.} (21... Qh4 $5 {may
deserve further investigation.}) 22. Nxb4 (22. exf5 $5) 22... cxb4 23. Ne2 Qh4
24. Be3 fxe4 25. Qd2 (25. Nd4 $5) 25... Nxe2+ 26. Qxe2 Qg3 27. Rxa6 Bxh3 28.
Kf1 {Fight has reached the culminating point.} Bxb2 $5 {[%csl Gc3][%cal Gb2e5,
Gb4b3] Not only creating a dangerous passed pawn, but also getting the
c3-square for the bishop.} (28... Bg4 $2 {allowed the strong counterattacking
move} 29. Qb5 $1 $18 {, putting the black king in lethal danger, Dziuba,M 
(2582)-Iordachescu,V (2623)/Bratto 2010/ (1-0, 39)}) ({The simple} 28... Qh2
29. Ke1 Bg3 {may not be entirely adequate.}) 29. Rb6 (29. Qxb2 Qxe3 30. Ra1 Re5
$44 {Four pawns for a rook and the exposed position of the white king should
offer Black sufficient compensation.}) 29... Bc3 $1 {[%cal Gg3h2]} 30. Bxh3 (
30. Kg1 Be5 $1 31. Kf1 Ra8 $19) 30... Qxh3+ 31. Kg1 Ra8 32. Rf1 Qg3+ 33. Kh1
Qh3+ $11) 18. Naxb5 axb5 19. Nxb5 Qxb6 20. Na3 Qb3 $146 {I was surprized to
find out that only this is a novelty. The pressure along the third rank is
quite effective.} ({Hurrying with the advance of the c-pawn eventually caused
Black to run out of steam after} 20... c4 21. Kh2 Qc5 22. Be3 Qb4 23. Nc2 Qxb2
24. Ra6 Red8 25. Nd4 c3 26. Nc6 c2 27. Qc1 Nxc6 28. Rxc6 $16 {Anastasian,A 
(2555)-Gopal,G (2480)/Abu Dhabi 2007/CBM 119 ext (1-0, 46)}) 21. Kh2 {A
prophylactic move, admitting the fact that at the present moment White cannot
undertake anything concrete.} (21. f4 $2 Qxg3 22. fxe5 Bxe5 $19) ({At the
present stage,} 21. g4 Nf6 {[%cal Gf6d7,Gc5c4,Gd7c5] only helps Black
recycling his knight from the edge of the board.}) 21... Qxd1 22. Rxd1 Rb3 23.
g4 {Accompanied by a draw offer. Grischuk was very short of time by this
moment and Black's position looks quite promissing. According to his young
opponent, he would have liked to accept the draw, but the critical match
situation determined him to play on.} (23. f4 $6 Nf3+ 24. Bxf3 Rxf3 $17 {
[%csl Ge4]}) 23... Nf6 24. Kg1 Nfd7 (24... Reb8 $5 {looks like a good
alternative.}) 25. f4 Nf3+ 26. Kf2 (26. Bxf3 Rxf3 27. Nc4 Rxe4 28. Ra8+ Bf8 29.
Nxd6 Re2 $132) 26... Nh4 27. Nc4 Bd4+ 28. Kf1 (28. Rxd4 cxd4 29. Nxd6 Reb8 $36)
28... Rg3 29. Nxd6 $5 Rxg2 $2 {Underestimating the force of White's
counterattack.} (29... Rb8 $1 30. Rd2 (30. Bh1 Rxh3 31. Bg2 Rh2 $17) 30... Nxg2
31. Rxg2 Rxh3 $132 {[%csl Gb2][%cal Gh3h1] is at least OK for Black.}) 30. Rxd4
$1 cxd4 31. Nxe8 $18 {Suddenly, there is no attack left for Black, but his
king is in deadly danger.} Nc5 32. Nf6+ Kg7 33. g5 Nd3 34. Ng4 Rc2 35. d6 Nc5
36. f5 gxf5 37. exf5 Nxf5 38. Bf4 Rxb2 39. Rc1 Rb5 40. Rxc5 Rxc5 41. d7 Rd5 42.
Nf6 Rxd7 43. Nxd7 Kg6 44. Ne5+ Kh5 45. Nf3 1-0

[Event "Moscow Tal Memorial 5th"]
[Site "Moscow"]
[Date "2010.11.05"]
[Round "1"]
[White "Grischuk, Alexander"]
[Black "Eljanov, Pavel"]
[Result "1-0"]
[WhiteElo "2760"]
[BlackElo "2755"]
[Annotator "Marin,M"]
[PlyCount "119"]
[EventDate "2010.11.05"]
[EventType "tourn"]
[EventRounds "9"]
[EventCountry "RUS"]
[EventCategory "21"]
[SourceTitle "CBM 139"]
[Source "ChessBase"]
[SourceDate "2010.11.18"]
[SourceVersion "1"]
[SourceVersionDate "2010.11.18"]
[SourceQuality "1"]

1. d4 Nf6 2. c4 e6 3. g3 Bb4+ {If Black intends to play the ...Bxd2+
Bogo-Indian (a specialty of Ulf Andersson, which speaks about the rock-solid
nature of the variation), this is the most restrictive move order.} (3... d5 {
. prematurely defining the structure in the centre,} 4. Bg2 Bb4+ 5. Bd2 Bxd2+ {
is considered to be less accurate, because it gives White the additional
possibility of} 6. Nxd2 (6. Qxd2 {would transpose to the game.}) 6... O-O 7.
Ngf3 c6 8. O-O Nbd7 9. Qc2 {, preparing e2-e4.}) 4. Bd2 Bxd2+ 5. Qxd2 {The
most active continuation, retaining the possibility of developing the knight
to c3.} (5. Nxd2 {speeds up the queenside development, but once the control
over the d5-square and the pressure along the d-file have been weakened, Black
can switch to a dark-squared strategy>} d6 6. Bg2 O-O 7. Ngf3 c5 $5 {The
favourite continuation of Ulf Andersson.} 8. O-O Nc6 ({Abstractly speaking, I
like this better than Andersson's more recent choice:} 8... cxd4 {, which
releases the tension in the centre too soon to my taste. Maybe he wanted to
play more provocatively, in order to generate some winning chances.} 9. Nxd4
Qb6 10. N2b3 Rd8 $132 {Nyback,T (2563)-Andersson,U (2565)/Germany 2006/CBM (1/
2, 19)}) 9. Nb3 ({It can be felt that this knight does not have favourable
squares.} 9. e3 {is also harmless:} cxd4 10. Nxd4 Nxd4 11. exd4 Qb6 12. Nb3 Bd7
13. Qd2 {1/2 Tukmakov,V (2550)-Andersson,U (2630)/Wijk aan Zee 1984/MCL}) 9...
Qe7 10. Qd2 Bd7 11. Rad1 b6 12. Nc1 Rac8 13. b3 {White has more space, but his
coordination is far from perfect.} e5 $1 {A well-timed start to strategic
counterplay on the dark squares.} 14. d5 Nd4 15. Nxd4 exd4 16. Qd3 Rfe8 17.
Rde1 Ng4 18. h3 {1/2 Nikolic,P (2625)-Andersson,U (2620)/Ter Apel 1994/CBM. I
guess that a more aggressive player would have kept playing, because Black's
position is very active:} Ne5 19. Qc2 (19. Qd2 b5 $15) 19... Qf6 $15 {[%cal
Gb6b5]} (19... b5 20. e4) 20. e4 $2 Nf3+ $1 $19) 5... d5 (5... d6 {is held to
be less adequate here. I am not an expert in this line with Black and have had
this type of position with White several times. However after a brief
examination of what is considered to be the main line I could not find a clear
reason why Black should be worried:} 6. Nf3 O-O 7. Bg2 Nc6 8. Nc3 e5 9. O-O Bg4
10. d5 Ne7 11. Ne1 Qd7 {A natural developing move, preparing the exchange of
bishops, which would simplify Black's problems of coordination given his
relative lack of space.} (11... c6 {may be premature:} 12. dxc6 $5 bxc6 13. Nd3
Qc7 14. Rac1 Be6 15. b3 Rab8 16. Kh1 Rfe8 17. e4 c5 18. f4 Nc6 19. Nd5 $36 {
Kortschnoj,V (2595)-Larsen,B (2560)/Hastings 1988/CBM (1-0, 44)}) ({Black is
not well prepared for the KI type of counterplay:} 11... Nd7 12. Nd3 f5 13. f3
Bh5 14. e4 Bg6 15. f4 $1 $14 {Belavenets,S-Kaiev,L/Kiev 1938/EXT (1-0, 41)})
12. e4 Bh3 13. Nd3 Bxg2 14. Kxg2 c6 $1 {Now is a good moment to open the
c-file.} 15. f3 cxd5 16. cxd5 Rfc8 17. Rfc1 {1/2 Kharitonov,A (2550)-Loginov,V
(2525)/Kazan 1995/CBM. Black seems to be absolutely fine here.}) 6. Bg2 c6 7.
Nf3 Nbd7 8. O-O b6 {Black usually plays this move only after castling.} (8...
O-O 9. Qc2 (9. Rc1 {may well transpose to our main game.}) 9... b6 10. Nbd2 {
(We can see that White has lost a whole tempo if compared to the line from the
note to 3...Bb4+)} Bb7 11. b4 a5 12. a3 axb4 (12... Qe7 13. c5 {Dautov,R (2617)
-Short,N (2684)/Bled 2002/ EXT 2003/[Dautov] (1/2, 26)}) 13. axb4 dxc4 14. Nxc4
c5 {Van Wely,L (2575) -Andersson,U (2630)/Ter Apel 1995/CBM 047/[Hansen,LB] (1/
2, 37)}) 9. Rc1 {(N) Strictly speaking, this is a novelty, but it may have
transposed later.} (9. a4 O-O 10. Rc1 a5 11. cxd5 cxd5 12. Nc3 Ba6 $11 {
Hammer,J (2633) -Mchedlishvili,M (2628)/Khanty-Mansiysk 2010 (1/2, 31)}) (9. b3
Bb7 10. Nc3 h6 11. Rac1 O-O 12. cxd5 cxd5 13. Nb5 a6 14. Nd6 Qb8 15. Nxb7 (15.
Qb4 {is slightly more consistent:} a5 16. Qa3 Rd8 17. Ne5 Nxe5 18. dxe5 Ne8 19.
Nxb7 Qxb7 {White is slightly more active, but Black needs just a couple of
tempi to get his knight into play.}) 15... Qxb7 16. Rc2 Rfc8 17. Rfc1 Ne4 18.
Qd3 a5 $11 {Shen,Y (2452) -Chiburdanidze,M (2514)/Jermuk 2010/CBM 137 Extra (1/
2, 21)}) 9... Bb7 10. Ne5 Nxe5 $146 {(!?) Although the position after White's
previous move has never been seen in practice, we can state that only Black's
last move is a conceptual novelty. I find the exchange on e5 premature,
because it allows White define his plan for the next phase of the game.} (10...
O-O {would transpose to a position that has occured in practice already.} 11.
cxd5 cxd5 12. Nc3 $5 $146 {This looks like the most logical mve to me,
although Black's defensive resources are not to be underestimated.} (12. Nd3
Qe7 13. Rc7 Rfb8 14. Na3 Ne8 15. Rc2 Rc8 $11 {Cornette,M (2543)-Chernuschevich,
A (2497)/Belfort 2010/CBM (1/2, 17)}) (12. Nc6 Bxc6 13. Rxc6 Rc8 14. Rxc8 Qxc8
15. Nc3 Qb8 16. e3 Rc8 17. Rc1 Ne8 18. b3 Nd6 $11 {Atalik,S (2584)-Stojanovic,
D (2473)/Sarajevo 2007/CBM 118 ext (1/2, 55)}) 12... Qe7 (12... Rc8 $6 {
[%csl Ga7]} 13. Nb5 $16) (12... a6 {[%csl Gb6]} 13. Na4 Nxe5 14. dxe5 Nd7 15.
Qd4 $14) (12... Nxe5 $6 13. dxe5 Nd7 14. f4 a5 15. Nb5 {transposes to the game.
}) 13. Nb5 a6 14. Rc7 Rfb8 $1 {It may seem that White is about to lose his
initiative, but the tactical resources have not been exhausted yet:} 15. Qg5 {
[%cal Gc7d7,Gg5e7]} h6 ({It is important to drive the enemy queen away from
the control of the c1-square:} 15... Qb4 $2 16. Nxd7 Nxd7 17. Rxd7 Qxb2 18. Rc1
$1 $18 {[%cal Gc1c7]}) 16. Qh4 Qb4 {[%cal Gb4b5] The only way to stay alive.} (
16... Qd8 $2 17. Nxd7 Nxd7 18. Qxd8+ Rxd8 19. Nd6 $1 $18 {[%csl Gb7]}) 17. Nxd7
$1 (17. Nd3 $5 {is elegant, but harmless:} Qe7 (17... Qxb5 $2 18. a4 Qb3 19.
Rc3 $16) 18. Na3 (18. Ne5 Qb4 {leads to a repetition.}) 18... Qd8 $11) 17...
Nxd7 18. Rxd7 Qxb2 (18... Qxb5 $2 19. Qe7 $18) (18... Bc6 19. Rxf7 $1 Kxf7 20.
Nc7 $36) 19. Nd6 $3 ({Possibly not the only way.} 19. Re1 Qd2 20. Kf1 Bc6 21.
Rxf7 Kxf7 22. Nc7 Ra7 23. Qh5+ Kg8 24. Qe5 Kh8 25. Nxe6 $44) 19... Qxa1+ 20.
Bf1 Bc6 $8 21. Rc7 Be8 $8 22. Qf4 {[%cal Gd6e8,Gf4f7,Gf7g7]} Kh8 ({The only
reasonable alternative is} 22... Kh7 {, but the king is safer on h8.}) 23. e3
$1 {[%csl Gd4][%cal Gg1g2]} (23. Nxe8 $2 Rxe8 24. Qxf7 Qxd4 $19) 23... Qe1 24.
Kg2 {[%cal Gf1d3] /\Bd3->} Qd2 25. Nxf7+ Bxf7 26. Rxf7 $36 {In any case, play
would have been double-edged, which will not be the case in the game.}) 11.
dxe5 Nd7 12. f4 O-O {Now and on the next move, Black cannot avoid passive
symmetry.} (12... dxc4 $6 13. Rxc4 $16 {[%cal Gc4d4,Gd4d6,Gb1c3,Ga1d1]}) 13.
cxd5 cxd5 (13... exd5 $6 14. Nc3 {[%cal Ge2e4]} Nc5 (14... f6 15. e6 Nc5 16. f5
$16) (14... f5 15. b4 $16) 15. b4 Ne6 16. b5 c5 17. Rd1 $1 $16 {[%csl Gd5]} (
17. Nxd5 $6 Nd4 18. e4 Nxb5)) 14. Na3 a5 {Aiming to consolidate the knight on
c5, but this will have a temporary character.} (14... Nc5 15. b4 Ne4 16. Bxe4
dxe4 17. Qxd8 Rfxd8 18. Nc4 (18. Rc7 Bd5 19. Kf2 a5 $132) 18... Bd5 19. Kf2 $16
{[%cal Gf2e3,Gc4d6]}) 15. Nb5 Nc5 (15... f6 $2 16. Nc7 $18) 16. Rc2 $1 {
White's play in this game is highly instructive. Having achieved a stable
advantage, he improves his position slowly, without forcing the events. I
cannot help thinking that Grischuk may have inspired by the game Kortschnoj,V 
(2617)-Grischuk,A (2669)/Biel 2001/CBM 085/[Tyomkin,D] (1-0, 49), in which
similar domination against the bad bishop was carried out.} f6 17. Qe3 fxe5 18.
Qxe5 Rf5 19. Qd6 {/\Rxc5} Rf6 20. Qe5 Rf5 21. Qe3 Qe7 22. Nd4 Rff8 23. Rac1 {
After a series of more or less forced moves, White finds a good moment to
complete his regrouping.} Qd6 24. b3 $1 {Preparing to dislodge the enemy
knight with a3 and b4.} ({The tempting} 24. Rxc5 {does not bring the desired
effects:} bxc5 25. Qxe6+ Qxe6 26. Nxe6 Rfc8 (26... Rfe8 $2 27. Nc7 $16) (26...
Rf6 27. Nc7 Rd8 28. Rxc5 $14) 27. Rxc5 Rxc5 28. Nxc5 Bc6 $11 {Having exchanged
a rook, Black is out of danger.}) 24... Rfe8 {[%cal Ge6e5]} 25. Qe5 $1 {
An accurate evaluation of the position. White needs to block the centre. Given
the danger of an intrusion along the c-file and the weakness of the e6-pawn,
Black will not be able to attack the relatively weak e5-pawn.} Qxe5 (25... Qe7
26. a3 $16) 26. fxe5 Bc8 $5 {[%csl Ge6] Since this bishop is passive anyway,
Black intends to use it for defensive jobs.} 27. Rc3 $1 {White gets ready for
a rapid transfer of the rooks from the c-file to the f-file.} ({There was
nothing wrong with the alternate move order:} 27. a3 Bd7 ({He may have wished
to avoid} 27... a4 28. b4 Nb3 {, but after} 29. Rd1 $16 {White consolidates
his advantage.}) 28. Rc3) 27... Bd7 28. a3 Rac8 29. Bh3 Kf7 30. b4 {Finally.
Black is helpless against White's strong initiative.} axb4 31. axb4 Na6 32.
Rf1+ Ke7 (32... Kg8 33. Ra3 Nxb4 34. Ra7 Rcd8 35. Rxd7 Rxd7 36. Bxe6+ Rxe6 37.
Nxe6 Rf7 38. Rb1 $16) 33. Rcf3 Rf8 34. Rxf8 Rxf8 35. Rxf8 Kxf8 36. Bxe6 {
White has won a pawn, but Black still has some hopes, because his king is
better centralised than his rival. Grischuk's accurate play in the next phase
of the game proves that Black's counterplay is illusory, though.} Be8 (36...
Ke7 37. Bxd7 Kxd7 38. b5 Nc5 39. Kf2 Ne6 40. Ke3 $18) (36... Bxe6 37. Nxe6+ Kf7
38. b5 Nb4 39. Nd4 $18) 37. Nc2 Nc7 38. Bf5 g6 39. Bd3 Ke7 40. Nd4 Ne6 41. Nf3
Nd8 42. Kf2 Nc6 43. b5 Nd8 44. Ke3 Ne6 45. h4 $5 {White is in no hurry and is
enjoying his advantage.} (45. Nd4 {also is winning.} Bd7 46. Nxe6 Kxe6 47. Kd4
Bc8 48. e3 {[%cal Gd3f1,Gf1g2,Gf1h3]} Bb7 49. h4 $40) 45... h6 (45... Nc7 46.
Nd4 $18) (45... Bd7 46. Nd4 $18) 46. Nh2 (46. Nd4 $18) 46... Nc7 47. Ng4 Nxb5 (
47... h5 48. Nf6 $18 {[%csl Gd5,Gg6,Gh5]}) 48. Nxh6 Ke6 49. Ng4 d4+ 50. Kd2 Na3
51. e3 dxe3+ 52. Kxe3 b5 53. Kd4 b4 54. Nf6 Ba4 55. Nd5 b3 56. Nf4+ Kf7 57. Kc3
Nc2 58. Bxg6+ Kg7 59. Bxc2 bxc2 60. Kd2 1-0

[Event "Moscow Tal Memorial 5th"]
[Site "Moscow"]
[Date "2010.11.06"]
[Round "2"]
[White "Kramnik, Vladimir"]
[Black "Grischuk, Alexander"]
[Result "1/2-1/2"]
[WhiteElo "2790"]
[BlackElo "2760"]
[Annotator "Moradiabadi,E"]
[PlyCount "77"]
[EventDate "2010.11.05"]
[EventType "tourn"]
[EventRounds "9"]
[EventCountry "RUS"]
[EventCategory "21"]
[SourceTitle "CBM 139"]
[Source "ChessBase"]
[SourceDate "2010.11.18"]
[SourceVersion "1"]
[SourceVersionDate "2010.11.18"]
[SourceQuality "1"]
[TimeControl "40/6000+30:20/3000+30:900+30"]

{After an unusual upset for Kramnik (The number of his blunders against
Aronian are equal to the total he made over the last two years) one would
expect a tough battle from Kramnik as white, however taking a rest day seems
to be the norm among world champions these days! Remember Anand after his loss
against Bacrot. Though Kramnik tried something, he didn't seem to be in the
mood to take advantage of his opponent's errors.} 1. Nf3 d5 2. d4 Nf6 3. c4 e6
4. Nc3 Be7 5. Bg5 h6 6. Bxf6 Bxf6 7. e3 O-O 8. Qc2 Na6 9. a3 c5 10. Rd1 dxc4
$146 {#} (10... cxd4 11. Nxd4 Nc7 12. Be2 Qe7 {is the main line but it is
funny that such an obvious move has never been tried before.}) 11. Bxc4 cxd4
12. exd4 Bd7 13. O-O Rc8 14. Ba2 {Black is ok.} (14. Bxa6 bxa6 {would just
have left White with the headache of the pair of bishops!}) 14... Bc6 15. Ne5
Bxe5 16. dxe5 Qh4 17. f4 Rcd8 18. Rd6 Nc7 19. Qd3 g6 $6 {#This move could have
cost Grischuk the game.} 20. Rd1 $2 {returns the favor. Bc4 was mandatory in
order to control the b5 square} Rxd6 21. Qxd6 Nb5 22. Nxb5 Bxb5 {Now the
position is 'arid'.} 23. Qc5 Be2 24. g3 Qh3 25. Re1 Bf3 26. Qf2 Bc6 27. Qf1
Qxf1+ 28. Rxf1 Rd8 29. Bb3 Rd3 30. Bc2 Rd2 31. Rf2 Rd4 32. Kf1 Kf8 33. Ke2 Ke7
34. Ke3 Rc4 35. Bd3 Rc1 36. Rf1 Rc5 37. Rf2 Rc1 38. Rf1 Rc5 39. Rf2 1/2-1/2

[Event "Wch Blitz 5th"]
[Site "Moscow"]
[Date "2010.11.16"]
[Round "3"]
[White "Grischuk, Alexander"]
[Black "Gelfand, Boris"]
[Result "1-0"]
[WhiteElo "2771"]
[BlackElo "2741"]
[PlyCount "34"]
[EventDate "2010.11.16"]
[EventType "tourn (blitz)"]
[EventRounds "38"]
[EventCountry "RUS"]
[EventCategory "20"]
[SourceTitle "EXT 2011"]
[Source "ChessBase"]
[SourceDate "2010.11.26"]
[SourceVersion "1"]
[SourceVersionDate "2010.11.26"]
[SourceQuality "1"]

1. c4 e5 2. g3 Nf6 3. Bg2 d5 4. cxd5 Nxd5 5. Nc3 Nb6 6. Nf3 Nc6 7. O-O Be7 8.
a3 O-O 9. b4 Be6 10. d3 Nd4 11. Bb2 Nxf3+ 12. Bxf3 c6 13. Qc2 Rc8 14. Rfd1 f5
15. Na4 Bd5 16. Bxe5 Nxa4 17. Qxa4 Bxf3 1-0